| 000 | 00471nam a22001577a 4500 | ||
|---|---|---|---|
| 999 |
_c9088 _d9088 |
||
| 003 | GBCCL | ||
| 005 | 20241126110705.0 | ||
| 008 | 220405b ||||| |||| 00| 0 eng d | ||
| 040 | _cgbc | ||
| 082 |
_aARCH GBC-2021 _bTHA |
||
| 100 |
_aThangdinglian _915848 |
||
| 245 | _aA comparative study on the Wesleyan and Augustinian-dispensational view on the doctrine of sanctification | ||
| 260 |
_aNew Lamka: _bGrace Bible College, _c2021 |
||
| 300 | _a65p. ; | ||
| 942 |
_2ddc _cTH |
||